Греческие народные песни: сборник; пер. с древнегреч.

Detalles Bibliográficos
Outros autores: Ставридис Я. (автор предисловия), Нейштадт В. (автор сопроводительного материала)
Idioma:ruso
Publicado: Москва, Художественная литература, 1957
Subjects:
Formato: MixedMaterials Libro
KOHA link:https://koha.lib.tpu.ru/cgi-bin/koha/opac-detail.pl?biblionumber=270636

MARC

LEADER 00000nam0a2200000 4500
001 270636
005 20231031225021.0
035 |a (RuTPU)RU\TPU\book\293817 
090 |a 270636 
100 |a 20140930d1957 m y0rusy50 ca 
101 1 |a rus  |c grc 
102 |a RU 
105 |a a z 001gy 
200 1 |a Греческие народные песни  |e сборник  |e пер. с древнегреч.  |f авт. предисл. Я. Ставридис ; коммент. В. Нейштадт 
210 |a Москва  |c Художественная литература  |d 1957 
215 |a 303 с.  |c ил. 
320 |a Вступительная статья: с. 3-11 
320 |a Комментарии: с.263-290 
610 1 |a древнегреческая литература 
610 1 |a песни 
610 1 |a 8 век 
610 1 |a 9 век 
610 1 |a 10 век 
610 1 |a Греция 
610 1 |a греческий эпос 
675 |a 88  |v 3 
702 1 |a Ставридис  |b Я.  |4 080 
702 1 |a Нейштадт  |b В.  |4 770 
801 1 |a RU  |b 63413507  |c 20140930 
801 2 |a RU  |b 63413507  |c 20160128  |g RCR 
942 |c BK